| 000 | 004160000a22001690004500 | ||
|---|---|---|---|
| 003 | MACL | ||
| 005 | 20151229141340.0 | ||
| 008 | 151229b xxu||||| |||| 00| 0 eng d | ||
| 040 |
_aMACL _cMACL |
||
| 041 | _aEnglish | ||
| 082 | _a186.4/ZIM | ||
| 100 |
_aZimmern, Alice _923940 |
||
| 245 |
_aPorphyry _bThe Philosopher |
||
| 260 |
_bGeorge Redway _c1896 |
||
| 650 |
_aPhilosophy _923941 |
||
| 942 |
_cBK _k186.4/ZIM _2ddc |
||
| 999 |
_c39283 _d39283 |
||